Tenant environmental performance and property investment risk (Record no. 15297)

MARC details
000 -LEADER
fixed length control field 01393cab a2200277 4500
001 - CONTROL NUMBER
control field ABS56317
008 - FIXED-LENGTH DATA ELEMENTS--GENERAL INFORMATION
fixed length control field 090401t1996 xxu||||| |||| 00| 0 eng d
035 ## - SYSTEM CONTROL NUMBER
System control number (Sirsi) u22813
041 ## - LANGUAGE CODE
Language code of text/sound track or separate title eng
100 ## - MAIN ENTRY--PERSONAL NAME
Personal name Turner, N.J.K.
245 ## - TITLE STATEMENT
Title Tenant environmental performance and property investment risk
260 ## - PUBLICATION, DISTRIBUTION, ETC.
Date of publication, distribution, etc. 1996
350 ## - PRICE (NR) (BK AM CF MU VM SE) [OBSOLETE]
Price 0
490 ## - SERIES STATEMENT
Series statement Journal of Property Development
Volume/sequential designation 1(2) October 1996, 67-78(12)
520 ## - SUMMARY, ETC.
Summary, etc. Considers the relationship which exists between a tenant`s environmental and economic performance in the context of property investment risk. It argues that when considering a potential investment opportunity, property investors need to have regard to the risk that tenants may perform to low environmental standards. Where poor environmenal performance on the part of the tenant occurs, investment returns can be reduced by a deterioration in the strength of tenant covenant or by the landlord incurring direct liabilities for environmental damage, which in the first instance, was caused by the tenant. References. (Based on journal abstract)
650 ## - SUBJECT ADDED ENTRY--TOPICAL TERM
Topical term or geographic name entry element ENVIRONMENTAL DAMAGE
650 ## - SUBJECT ADDED ENTRY--TOPICAL TERM
Topical term or geographic name entry element ENVIRONMENTAL PERFORMANCE
650 ## - SUBJECT ADDED ENTRY--TOPICAL TERM
Topical term or geographic name entry element ENVIRONMENTAL RISK
650 ## - SUBJECT ADDED ENTRY--TOPICAL TERM
Topical term or geographic name entry element INVESTMENT RISK
650 ## - SUBJECT ADDED ENTRY--TOPICAL TERM
Topical term or geographic name entry element LANDLORD LIABILITY
650 ## - SUBJECT ADDED ENTRY--TOPICAL TERM
Topical term or geographic name entry element POLLUTION
690 ## - LOCAL SUBJECT ADDED ENTRY--TOPICAL TERM (OCLC, RLIN)
Topical term or geographic name as entry element PROPERTY-COMMERCIAL PROPERTY
700 ## - ADDED ENTRY--PERSONAL NAME
Personal name Gronow, S.A.
942 ## - ADDED ENTRY ELEMENTS (KOHA)
Suppress in OPAC 0
948 ## - LOCAL PROCESSING INFORMATION (OCLC); SERIES PART DESIGNATOR (RLIN)
c (OCLC) 04/03/1997
Holdings
Withdrawn status Lost status Source of classification or shelving scheme Damaged status Not for loan Home library Current library Shelving location Date acquired Total Checkouts Full call number Barcode Date last seen Copy number Price effective from Koha item type
    Dewey Decimal Classification     London London Journal article 14/09/1999   ABS56317 22813-1001 06/08/2019 1 06/08/2019 Journal article